Glasgow office market (Record no. 110650)

MARC details
000 -LEADER
fixed length control field 00994cad a22002295a 4500
001 - CONTROL NUMBER
control field E149849
008 - FIXED-LENGTH DATA ELEMENTS--GENERAL INFORMATION
fixed length control field 100505s2010 xxkado f s 000 0 eng d
035 ## - SYSTEM CONTROL NUMBER
System control number (Sirsi) u149849
041 0# - LANGUAGE CODE
Language code of text/sound track or separate title eng
050 04 - LIBRARY OF CONGRESS CALL NUMBER
Classification number 333.33 $2 18
110 2# - MAIN ENTRY--CORPORATE NAME
Corporate name or jurisdiction name as entry element Lambert Smith Hampton
9 (RLIN) 2865
245 00 - TITLE STATEMENT
Title Glasgow office market
Remainder of title issue 1, 2010
Medium [electronic resource]
260 ## - PUBLICATION, DISTRIBUTION, ETC.
Place of publication, distribution, etc. Glasgow
Name of publisher, distributor, etc. Lambert Smith Hampton
Date of publication, distribution, etc. 2010
490 #0 - SERIES STATEMENT
Series statement Lambert Smith Hampton Glasgow Office Market
Volume/sequential designation (1) 2010
520 ## - SUMMARY, ETC.
Summary, etc. Looks at Glasgow as an investment location, and reports on significant deals which took place in 2009. Also examines when growth will return to the Scottish economy. Includes Glasgow office market statistics for April 2010.
521 ## - TARGET AUDIENCE NOTE
Target audience note Advanced
590 ## - LOCAL NOTE (RLIN)
Local note KA
651 #4 - SUBJECT ADDED ENTRY--GEOGRAPHIC NAME
Geographic name Glasgow
690 ## - LOCAL SUBJECT ADDED ENTRY--TOPICAL TERM (OCLC, RLIN)
Topical term or geographic name as entry element PROPERTY-COMMERCIAL PROPERTY-COMMERCIAL PROPERTY MARKET
856 40 - ELECTRONIC LOCATION AND ACCESS
Uniform Resource Identifier <a href="https://www.lsh.co.uk/images/cms/glasgowofficemarketreport.pdf">https://www.lsh.co.uk/images/cms/glasgowofficemarketreport.pdf</a>
Public note View the report free of charge (pdf file) at www.lsh.co.uk...
942 ## - ADDED ENTRY ELEMENTS (KOHA)
Suppress in OPAC 0
Holdings
Withdrawn status Lost status Source of classification or shelving scheme Damaged status Not for loan Home library Current library Shelving location Date acquired Total Checkouts Full call number Barcode Date last seen Copy number Price effective from Koha item type
    Dewey Decimal Classification     Virtual Virtual Online 05/05/2010   ONLINE PUBLICATION 149849-2001 06/08/2019 1 06/08/2019 Book